000 00507nam a2200181Ia 4500
999 _c34108
_d34108
003 OSt
005 20200904101202.0
008 190216s9999||||xx |||||||||||||| ||und||
020 _a9788178901299
040 _coclc
082 _a531.03
_bSAR/D
100 _aSareen, Karan
_94425
245 0 _aDictionary Of Mechanics /
_cKaran Sareen
260 _bI V Y Publishing House,
_aDelhi:
_c2005.
300 _a223p
650 _aPhysics
942 _cBK
_2ddc
_h531.03
_iSAR/D
_k531.03
_mSAR/D